Auf blauen Tönen himmelwärts: die Veranstaltungsreihe "In Spirit" sucht nach Verbindungen zwischen Theologie und Jazz

Saved in:  
Bibliographic Details
Main Author: Kosch, Stephan 1968- (Author)
Format: Print Article
Language:German
Check availability: HBZ Gateway
Interlibrary Loan:Interlibrary Loan for the Fachinformationsdienste (Specialized Information Services in Germany)
Published: 2014
In: Zeitzeichen
Year: 2014, Volume: 15, Issue: 3, Pages: 44-46

MARC

LEADER 00000caa a2200000 c 4500
001 1636707807
003 DE-627
005 20220608113159.0
007 tu
008 140228s2014 xx ||||| 00| ||ger c
035 |a (DE-627)1636707807 
035 |a (DE-576)40185888X 
035 |a (DE-599)BSZ40185888X 
040 |a DE-627  |b ger  |c DE-627  |e rakwb 
041 |a ger 
084 |a 1  |2 ssgn 
100 1 |0 (DE-588)132216159  |0 (DE-627)519240553  |0 (DE-576)299010856  |4 aut  |a Kosch, Stephan  |d 1968- 
109 |a Kosch, Stephan 1968- 
245 1 0 |a Auf blauen Tönen himmelwärts  |b die Veranstaltungsreihe "In Spirit" sucht nach Verbindungen zwischen Theologie und Jazz  |c Stephan Kosch 
264 1 |c 2014 
336 |a Text  |b txt  |2 rdacontent 
337 |a ohne Hilfsmittel zu benutzen  |b n  |2 rdamedia 
338 |a Band  |b nc  |2 rdacarrier 
601 |a Verbindlichkeit 
601 |a Theologie 
773 0 8 |i In  |t Zeitzeichen  |d Berlin : zeitzeichen gGmbH, 2000  |g 15(2014), 3, Seite 44-46  |w (DE-627)319982831  |w (DE-600)2026272-3  |w (DE-576)087930706  |x 1616-4164  |7 nnas 
773 1 8 |g volume:15  |g year:2014  |g number:3  |g pages:44-46 
951 |a AR 
ELC |b 1 
ITA |a 1 
LOK |0 000 xxxxxcx a22 zn 4500 
LOK |0 001 329433902X 
LOK |0 003 DE-627 
LOK |0 004 1636707807 
LOK |0 005 20140228152104 
LOK |0 008 140228||||||||||||||||ger||||||| 
LOK |0 040   |a DE-21-31  |c DE-627  |d DE-21-31 
LOK |0 852   |a DE-21-31 
LOK |0 852 1  |c Ze 113d-15,3  |m p  |9 00 
LOK |0 935   |a ixzs 
LOK |0 938   |k p 
LOK |0 939   |a 28-02-14  |b l01 
ORI |a SA-MARC-ixtheoa001.raw